Chairs of the RNC by Picture - Statistics

General Stats
  • This quiz has been taken 29 times
    4 since last reset
  • The average score is 31 of 69
Answer Stats
Picture Hint Answer % Correct
1971-1973 Bob Dole
100%
1973-1974 George H. W. Bush
100%
1948-1949 Hugh Scott
100%
1989-1991 Lee Atwater
100%
1896-1904 Mark Hanna
100%
1983-1987 Paul Laxalt
100%
1969-1971 Rogers Morton
100%
2017-2024 Ronna Romney McDaniel
100%
1959-1961 Thruston Morton
100%
1961-1964 William E. Miller
100%
1940-1942 Joseph W. Martin Jr.
67%
1888-1891 Matthew Quay
67%
2009-2011 Michael Steele
67%
2011-2017 Reince Priebus
67%
1952-1953 Arthur Summerfield
33%
1946-1948 B. Carroll Reece
33%
1884-1888 Benjamin Franklin Jones
33%
1977-1981 Bill Brock
33%
1912-1916 Charles D. Hilles
33%
1929-1930 Claudius H. Huston
33%
1991-1992 Clayton Yeutter
33%
1953 C. Wesley Roberts
33%
1964-1965 Dean Burch
33%
1981-1983 Dick Richards
33%
1883-1884 Dwight M. Sabin
33%
2004-2006 Ed Gillespie
33%
1856-1864 | 1872-1876 Edwin D. Morgan
33%
1932-1934 Everett Sanders
33%
1987-1989 Frank Fahrenkopf
33%
1908-1909 Frank Harris Hitchcock
33%
1904-1907 George B. Cortelyou
33%
1949-1952 Guy Gabrielson
33%
1993-1997 Haley Barbour
33%
1942-1944 Harrison E. Spangler
33%
1907-1908 Harry S. New
33%
*1904* Henry Clay Payne
33%
1934-1936 Henry Fletcher
33%
1864-1866 Henry Jarvis Raymond
33%
1944-1946 Herbert Brownell Jr.
33%
1928-1929 Hubert Work
33%
1891-1892 James S. Clarkson
33%
1879-1880 J. Donald Cameron
33%
2001-2002 Jim Gilmore
33%
1997-2001 Jim Nicholson
33%
2025-Present Joe Gruters
33%
1909-1912 John Fremont Hill
33%
1936-1940 John Hamilton
33%
1921-1924 John T. Adams
33%
2006-2007 Ken Mehlman
33%
1953-1957 Leonard W. Hall
33%
2002-2004 Marc Racicot
33%
1866-1868 Marcus Lawrence Ward
33%
1880-1883 Marshall Jewell
33%
1974-1977 Mary Louise Smith
33%
1957-1959 Meade Alcorn
33%
2007 Mel Martínez
33%
2024-2025 Michael Whatley
33%
2007-2009 Mike Duncan
33%
1965-1969 Ray C. Bliss
33%
1992-1993 Richard Bond
33%
1930-1932 Simeon D. Fess
33%
1892-1896 Thomas H. Carter
33%
1912 Victor Rosewater
33%
1918-1921 Will H. Hays
33%
1868-1872 William Claflin
33%
1892 William James Campbell
33%
1924-1928 William M. Butler
33%
1916-1918 William Russell Willcox
33%
1876-1879 Zachariah Chandler
33%
No matching quizzes found
Score Distribution
Percent of People with Each Score
Percentile by Number Answered
Your Score History
You have not taken this quiz since the last reset